Kocourková, J. a spol.: Mentální anorexie a mentální bulimie v dětství a dospívání

Bibliographic Details
Main Author: Papežová, Hana, 1953- (Author)
Format: Article
Language:Slovak
Czech
ISSN:1212-0383
Subjects:

MARC

LEADER 00000nab a2200000 a 4500
001 vtls000658813
003 SK-MaSNL
005 20260304092309.0
008 250425c1998 xo 0 slo
015 |a SNBRB1998/04-08935 
035 |a CLN000011005 
035 |a urn:nbn:sk:snk-abaiox 
035 |a (urnnbn)urn:nbn:sk:snk:ar-008gdt 
035 |a (uuid)59fc459a-b553-491d-800f-9295aca8c3f9 
040 |a SNKBUCL  |b slo  |c SNKBUCL  |e AACR2 
041 0 |a cze 
044 |a xo  |c SK 
080 |a 616.89-008.441.42(048)  |2 1997 
100 1 |a Papežová, Hana,  |d 1953-  |4 aut  |9 118735 
245 1 0 |a Kocourková, J. a spol.: Mentální anorexie a mentální bulimie v dětství a dospívání  |c Hana Papežová 
650 0 7 |a bulímia  |2 SNKPH  |9 15847 
650 0 7 |a mentálna anorexia  |2 SNKPH  |9 79198 
655 7 |a články z novín a časopisov  |2 SNK  |9 267496 
655 7 |a recenzie  |2 SNKPH  |9 21907 
773 0 |t Česká a slovenská psychiatrie  |g Roč. 94, č. 2 (1998), s. 113-114  |x 1212-0383 
850 |a Slovenská národná knižnica 
852 |a Slovenská národná knižnica 
954 |a odborná, vedecká literatúra cudzojazyčná (svetová)  |2 lita 
958 |a article14 
958 |a OND 
958 |a EUIPO 
999 |c 2818617  |d 2820547